00357 a2200157 4500001000700000003000400007005001700011008004100028082001400069100002200083245003400105250001200139260002500151300001000176653001300186002493OSt20220128141115.0  a514bM92T1 aMunkres, James R.1 aTopologycby James R. Munkers a2nd ed. aNew DelhibPHIc2000 a537p. aTopology